[Event "Wch U12 Girls"]
[Site "Montesilvano"]
[Date "2024.11.25"]
[Round "10"]
[White "Illes Nagy, Nora"]
[Black "Darshini, Sri T"]
[Result "1/2-1/2"]
[WhiteElo "1803"]
[BlackElo "1681"]
[PlyCount "96"]
[EventDate "2024.11.15"]
[EventType "swiss"]
[EventRounds "11"]
[EventCountry "ITA"]
[SourceTitle "CB48_2024"]
[SourceDate "2024.11.28"]
[SourceVersion "1"]
[SourceVersionDate "2024.11.28"]
[SourceQuality "1"]

1. d4 Nf6 2. c4 e6 3. Nc3 Bb4 4. e3 0-0 5. Bd3 d5 6. Nf3 c5 7. 0-0 dxc4 8. Bxc4 cxd4 9. exd4 b6 10. Bg5 Bb7 11. a3 Be7 12. Ne5 Nc6 13. Nxc6 Bxc6 14. Qd3 Qd7 15. Rfe1 Rfd8 16. Rad1 Nd5 17. Nxd5 Bxg5 18. Nb4 Rac8 19. d5 exd5 20. Nxd5 Bxd5 21. Bxd5 Re8 22. Qb3 Rxe1+ 23. Rxe1 g6 24. g3 Kg7 25. Rd1 Qf5 26. Qf3 Rc1 27. b3 Qxf3 28. Bxf3 Rxd1+ 29. Bxd1 Be7 30. a4 Kf6 31. Be2 Ke5 32. Kg2 Bc5 33. Bc4 Kf6 34. Kf3 a5 35. Ke2 Ke7 36. f3 Bg1 37. h3 Bc5 38. Kd3 Bd6 39. g4 f5 40. Ke3 Kf6 41. Kf2 f4 42. Bg8 h6 43. Bc4 Ke5 44. Ke2 Kd4 45. Bf7 g5 46. Bc4 Bb4 47. Bf7 Bc3 48. Bc4 Bb4 1/2-1/2

[Event "Wch U12 Girls"]
[Site "Montesilvano"]
[Date "2024.11.20"]
[Round "6"]
[White "Li, Peishan"]
[Black "Darshini, Sri T"]
[Result "1/2-1/2"]
[WhiteElo "1729"]
[BlackElo "1681"]
[PlyCount "220"]
[EventDate "2024.11.15"]
[EventType "swiss"]
[EventRounds "11"]
[EventCountry "ITA"]
[SourceTitle "CB48_2024"]
[SourceDate "2024.11.28"]
[SourceVersion "1"]
[SourceVersionDate "2024.11.28"]
[SourceQuality "1"]

1. e4 c5 2. Nf3 Nc6 3. d4 cxd4 4. Nxd4 Nf6 5. Nc3 e5 6. Ndb5 d6 7. Bg5 a6 8. Na3 b5 9. Nd5 Be7 10. Bxf6 Bxf6 11. c3 0-0 12. Nc2 Bg5 13. a4 bxa4 14. Rxa4 a5 15. Bc4 Rb8 16. b3 Kh8 17. Nce3 g6 18. 0-0 f5 19. exf5 gxf5 20. Be2 Be6 21. Nc4 Bh6 22. b4 axb4 23. Nxb4 Nxb4 24. cxb4 Qd7 25. Ra6 Rfd8 26. Nxe5 dxe5 27. Qxd7 Bxd7 28. Rxh6 Bb5 29. Bxb5 Rxb5 30. Rh5 e4 31. g4 Rxb4 32. gxf5 Rb5 33. Re1 Rf8 34. Rxe4 Rbxf5 35. Rxf5 Rxf5 36. Rg4 Ra5 37. Kg2 h5 38. Rg3 Kh7 39. Kf3 Ra4 40. Ke3 Kh6 41. Kf3 Ra3+ 42. Kg2 Ra4 43. h3 Rb4 44. Rg8 Kh7 45. Re8 Kg6 46. Re5 Ra4 47. Kg3 Ra3+ 48. f3 Rb3 49. Kf4 Rb4+ 50. Re4 Rb6 51. Rd4 Rf6+ 52. Kg3 Ra6 53. Kh4 Ra3 54. Rf4 Rb3 55. Kg3 Ra3 56. Rd4 Ra6 57. Rd3 Rb6 58. f4 Rb4 59. Kf3 Ra4 60. Ke3 Ra6 61. h4 Kf5 62. Rd5+ Kg6 63. Ke4 Re6+ 64. Re5 Ra6 65. Rg5+ Kh6 66. Rd5 Kg6 67. Ke5 Ra8 68. f5+ Kg7 69. Rd7+ Kh6 70. Rd4 Re8+ 71. Kf6 Rf8+ 72. Ke6 Kg7 73. Rd7+ Kh6 74. Rd6 Kg7 75. Ke5 Ra8 76. Kf4 Ra5 77. Kg5 Kf7 78. Rd7+ Kf8 79. Rb7 Rc5 80. Kg6 Rc6+ 81. f6 Rc8 82. Kxh5 Rc4 83. Kg5 Rc1 84. h5 Rg1+ 85. Kf5 Rf1+ 86. Kg6 Rg1+ 87. Kh7 Rf1 88. Kg6 Rg1+ 89. Kf5 Rf1+ 90. Ke5 Re1+ 91. Kf4 Rf1+ 92. Kg5 Rg1+ 93. Kh6 Rf1 94. Kg6 Rg1+ 95. Kh7 Rf1 96. Rb6 Kf7 97. h6 Rh1 98. Ra6 Rh2 99. Ra1 Kxf6 100. Rf1+ Ke7 101. Rf3 Rh1 102. Rf5 Rh2 103. Kg7 Rg2+ 104. Kh8 Rh2 105. h7 Rg2 106. Ra5 Kf7 107. Ra8 Rg1 108. Rg8 Rf1 109. Rg2 Rf3 110. Rg7+ Kf8 1/2-1/2

[Event "Wch U12 Girls"]
[Site "Montesilvano"]
[Date "2024.11.17"]
[Round "3"]
[White "Darshini, Sri T"]
[Black "Xue, Tianhao"]
[Result "0-1"]
[WhiteElo "1681"]
[BlackElo "1835"]
[PlyCount "152"]
[EventDate "2024.11.15"]
[EventType "swiss"]
[EventRounds "11"]
[EventCountry "ITA"]
[SourceTitle "CB48_2024"]
[SourceDate "2024.11.28"]
[SourceVersion "1"]
[SourceVersionDate "2024.11.28"]
[SourceQuality "1"]

1. c4 e5 2. Nc3 Bb4 3. Qb3 Nc6 4. e3 Bxc3 5. Qxc3 d6 6. Nf3 Nf6 7. d3 0-0 8. Be2 Re8 9. e4 Bg4 10. Be3 Nd7 11. b4 Qc8 12. 0-0 Nf8 13. b5 Nd8 14. c5 Bxf3 15. Bxf3 dxc5 16. Qxc5 c6 17. Rac1 b6 18. Qc3 c5 19. d4 exd4 20. Bxd4 Nde6 21. Be3 Qc7 22. e5 Rac8 23. Be4 Red8 24. f4 Qd7 25. Qc4 Nd4 26. a4 Qe6 27. Kh1 Qxc4 28. Rxc4 Nb3 29. Rc2 Rc7 30. Rb1 Na5 31. f5 Rcd7 32. Rcc1 Re8 33. Bxc5 bxc5 34. Rxc5 Rde7 35. b6 axb6 36. Rd5 Rxe5 37. Rxe5 Rxe5 38. Bd3 Rd5 39. Be2 Rxf5 40. Rxb6 Re5 41. Rb2 Re4 42. Ra2 Nb3 43. Bf1 Na5 44. Kg1 g6 45. Kf2 Ne6 46. Bb5 Rb4 47. Rd2 Nd4 48. Bd7 Nab3 49. Rb2 Rb7 50. Bg4 Ra7 51. Bd1 Nc5 52. Ra2 Nb5 53. Ra1 Nc3 54. Bc2 N3xa4 55. Bxa4 Rxa4 56. Rd1 Ne6 57. Rd2 Kg7 58. Rb2 h5 59. Rc2 Nd4 60. Rb2 Nf5 61. Re2 Rf4+ 62. Kg1 Nh6 63. Ra2 Rb4 64. g3 h4 65. Kg2 hxg3 66. Kxg3 Nf5+ 67. Kg2 Kh6 68. Ra7 Rb2+ 69. Kh3 f6 70. Ra8 Kg5 71. Ra4 Rb3+ 72. Kg2 Nh4+ 73. Kf2 f5 74. Rc4 Rb2+ 75. Kg3 f4+ 76. Kh3 Rb3+ 0-1